Northern Irish Football League Club Kit Manufacturers 2025/2026 - Statistics

General Stats
  • This quiz has been taken 2 times
  • The average score is 14 of 24
Answer Stats
Division Club Kit Manufacturer % Correct
NIFL Premiership Crusaders Adidas
100%
NIFL Premiership Glenavon Adidas
100%
NIFL Premiership Portadown Adidas
100%
NIFL Championship Queen's University Adidas
100%
NIFL Premiership Larne Nike
100%
NIFL Championship Ballinamallard Nike
100%
NIFL Championship Dundela Nike
100%
NIFL Championship Newington Nike
100%
NIFL Premiership Carrick Puma
100%
NIFL Championship Annagh Puma
100%
NIFL Championship Armagh Puma
100%
NIFL Premiership Bangor Macron
50%
NIFL Premiership Coleraine Macron
50%
NIFL Premiership Glentoran Macron
50%
NIFL Premiership Linfield Macron
50%
NIFL Premiership Cliftonville O'Neills
50%
NIFL Championship Ards Hummel
0%
NIFL Premiership Ballymena Playr-Fit
0%
NIFL Championship Limavady Playr-Fit
0%
NIFL Premiership Dungannon Uhlsport
0%
NIFL Championship Harland & Wolff Uhlsport
0%
NIFL Championship Institute Uhlsport
0%
NIFL Championship Warrenpoint Uhlsport
0%
NIFL Championship Loughgall Vicani
0%
No matching quizzes found
Score Distribution
Percent of People with Each Score
Percentile by Number Answered
Your Score History
You have not taken this quiz